| 000 | 01210nam a2200277Ia 4500 | ||
|---|---|---|---|
| 999 |
_c49606 _d49606 |
||
| 001 | 16538 | ||
| 003 | GE_BSU | ||
| 005 | 20250117161638.0 | ||
| 008 | 181216s2014||||ge |||||||||||||| ||geo|| | ||
| 020 | _a978-9941-9297-4-8 | ||
| 040 | _cGE_BSU | ||
| 041 | _ageo | ||
| 080 | _a811.353.1'38(075.8) ც-50 | ||
| 100 |
_aცეცხლაძე, ნანა _94739 |
||
| 245 |
_aსტილისტიკა : _bსახელმძღვ. / _cნანა ცეცხლაძე, მზია ხახუტაიშვილი ; რედ. მამია ფაღავა. |
||
| 264 |
_aთბილისი : _bივერიონი, _c2013. |
||
| 300 |
_a312 გვ. ; _c20 სმ |
||
| 500 | _aშემოკლებათა განმარტებანი : გვ. 309-310 | ||
| 504 | _aბიბლიოგრ. : გვ. 299-309 | ||
| 520 | _aრეზიუმე ინგლისურ ენაზე | ||
| 541 | _h10ლ. | ||
| 653 | _aსტილისტიკა | ||
| 700 |
_aხახუტაიშვილი, მზია _eავტორი _94742 |
||
| 700 |
_aფაღავა, მამია _eრედაქტორი _924058 |
||
| 942 |
_cBK _2udc |
||